[Event "Sicilia Regional-ch"]
[Site "Erice"]
[Date "2009.05.31"]
[Round "2"]
[White "Montalto, Antonio"]
[Black "Gigante, Giovanni"]
[Result "1/2-1/2"]
[WhiteElo "1811"]
[BlackElo "1773"]
[PlyCount "66"]
[EventDate "2009.05.30"]
[EventType "swiss"]
[EventRounds "7"]
[EventCountry "ITA"]
[SourceTitle "EXT 2011"]
[Source "ChessBase"]
[SourceDate "2010.11.26"]
[SourceVersion "1"]
[SourceVersionDate "2010.11.26"]
[SourceQuality "1"]

1. d4 d5 2. Nf3 Nf6 3. c4 e6 4. Nc3 c6 5. e3 Bb4 6. Bd2 c5 7. a3 cxd4 8. axb4 dxc3 9. bxc3 0-0 10. Be2 Re8 11. 0-0 b6 12. cxd5 Qxd5 13. Nd4 Bb7 14. Bf3 Qd7 15. Bxb7 Qxb7 16. f3 b5 17. Qe2 a6 18. Ra3 Nbd7 19. Rd1 Ne5 20. Be1 Nc4 21. Ra2 Nd5 22. Nc2 Qb6 23. Rd4 a5 24. bxa5 Rxa5 25. Rxa5 Qxa5 26. Qd3 Rc8 27. g3 g6 28. e4 Ne5 29. Qe2 Nxc3 30. Qe3 Qc7 31. Nb4 Na4 32. Nd3 Nc4 33. Qg5 Kg7 1/2-1/2